[Event "Rio Verde Goiano op"]
[Site "Rio Verde"]
[Date "2023.12.01"]
[Round "2"]
[White "Campos, Otavio Moraes"]
[Black "Santos, Luciano da Silva"]
[Result "1/2-1/2"]
[WhiteElo "1626"]
[BlackElo "1848"]
[PlyCount "148"]
[EventDate "2023.12.01"]
[EventType "swiss"]
[EventRounds "6"]
[EventCountry "BRA"]
[SourceTitle "CBM 217 Extra"]
[Source "ChessBase"]
[SourceDate "2024.01.31"]
[SourceVersion "1"]
[SourceVersionDate "2024.01.31"]
[SourceQuality "1"]

1. d4 Nf6 2. c4 e6 3. Nf3 d5 4. e3 Be7 5. Nc3 a6 6. Bd3 dxc4 7. Bxc4 b5 8. Bd3 Bb7 9. a3 c5 10. 0-0 0-0 11. Qe2 Nbd7 12. dxc5 Nxc5 13. Bc2 Qb6 14. b4 Nce4 15. Nxe4 Nxe4 16. Bb2 Bd5 17. Bd4 Qb7 18. Rac1 Rfd8 19. Rfd1 Rac8 20. Bd3 Bb3 21. Re1 f6 22. Bc2 Bc4 23. Bxe4 Qxe4 24. Qb2 e5 25. Nd2 Qd5 26. Bc3 e4 27. Nxc4 Rxc4 28. g3 h5 29. h4 Rdc8 30. Qb3 Qe6 31. Kg2 Bd6 32. Bb2 Qg4 33. Rxc4 Qf3+ 34. Kg1 bxc4 35. Qd1 Qxd1 36. Rxd1 Be5 37. Bxe5 fxe5 38. Kf1 Kf7 39. Ke2 c3 40. a4 Rb8 41. Rc1 Rxb4 42. Rxc3 Rxa4 43. Rc7+ Kf6 44. Rc6+ Kf5 45. Rc5 Ra2+ 46. Ke1 a5 47. Rc7 g6 48. Rf7+ Ke6 49. Rf8 Ke7 50. Rg8 Kf7 51. Rd8 a4 52. Rd5 Ke6 53. Ra5 a3 54. Ra6+ Kf5 55. Kf1 Ra1+ 56. Kg2 a2 57. Ra5 Ke6 58. Kh2 Kd6 59. Kg2 Kc6 60. Ra8 Kb7 61. Ra4 Kb6 62. Kh2 Kb5 63. Ra8 Kc4 64. Kg2 Kc3 65. Rc8+ Kd3 66. Ra8 Kd2 67. Ra5 Kd3 68. Ra8 Kc4 69. Rc8+ Kd5 70. Rd8+ Ke6 71. Ra8 Kf5 72. Ra4 g5 73. hxg5 Kxg5 74. Ra5 Kg4 1/2-1/2

[Event "Niteroi op 2nd"]
[Site "Niteroi"]
[Date "2022.09.06"]
[Round "8"]
[White "Domingues, Pedro Henrique Da S"]
[Black "Campos, Otavio Moraes"]
[Result "1-0"]
[WhiteElo "1841"]
[BlackElo "1636"]
[PlyCount "45"]
[EventDate "2022.09.01"]
[EventType "swiss"]
[EventRounds "9"]
[EventCountry "BRA"]
[SourceTitle "EXT 2024"]
[Source "ChessBase"]
[SourceDate "2023.10.10"]
[SourceVersion "1"]
[SourceVersionDate "2023.10.10"]
[SourceQuality "1"]

1. e4 c5 2. Nf3 Nc6 3. d4 cxd4 4. Nxd4 d6 5. Nc3 a6 6. Be3 Nf6 7. Be2 e6 8. Qd2 Be7 9. 0-0-0 0-0 10. g4 d5 11. exd5 Nxd5 12. Nxd5 Qxd5 13. Nxc6 Qxc6 14. f4 b5 15. Rhf1 Qc7 16. Bf3 Rd8 17. Qc3 Rxd1+ 18. Rxd1 Qb8 19. Bxa8 Qxa8 20. Qc7 Bf8 21. Bc5 Bxc5 22. Rd8+ Bf8 23. Rxf8+ 1-0

[Event "Niteroi op 2nd"]
[Site "Niteroi"]
[Date "2022.09.04"]
[Round "5"]
[White "Tsai, Roberto Gong Wei"]
[Black "Campos, Otavio Moraes"]
[Result "0-1"]
[WhiteElo "1790"]
[BlackElo "1636"]
[PlyCount "86"]
[EventDate "2022.09.01"]
[EventType "swiss"]
[EventRounds "9"]
[EventCountry "BRA"]
[SourceTitle "CBM 210 Extra"]
[Source "ChessBase"]
[SourceDate "2022.11.30"]
[SourceVersion "1"]
[SourceVersionDate "2022.11.30"]
[SourceQuality "1"]

1. b3 Nf6 2. Bb2 e6 3. g3 d5 4. Bg2 Be7 5. Nf3 c5 6. d4 Nc6 7. 0-0 0-0 8. Nbd2 b6 9. c3 Bb7 10. Re1 Qc7 11. c4 Rfd8 12. cxd5 Nxd5 13. Rc1 Qd7 14. a3 cxd4 15. Nxd4 Nxd4 16. Bxd4 Bxa3 17. Ra1 Bb4 18. e3 f6 19. Ne4 Bxe1 20. Qxe1 e5 21. Bb2 Qf7 22. Ba3 Qe6 23. Qe2 Rac8 24. Qh5 Rc2 25. Bh3 Qc6 26. Rd1 g6 27. Qh6 Bc8 28. Rxd5 Rc1+ 29. Bf1 Rxf1+ 30. Kxf1 Re8 31. Bd6 Kf7 32. Qxh7+ Ke6 33. Nxf6 Kxf6 34. e4 Ba6+ 35. Kg2 Qc1 36. Qh4+ Kf7 37. Kh3 Qf1+ 38. Kg4 Be2+ 39. Kg5 Qc1+ 40. f4 Bh5 41. Bxe5 Qc8 42. g4 Rxe5+ 43. fxe5 Qc1+ 0-1

[Event "Niteroi op 2nd"]
[Site "Niteroi"]
[Date "2022.09.02"]
[Round "3"]
[White "De Albuquerque, Ian Telek C"]
[Black "Campos, Otavio Moraes"]
[Result "1-0"]
[WhiteElo "1958"]
[BlackElo "1636"]
[PlyCount "59"]
[EventDate "2022.09.01"]
[EventType "swiss"]
[EventRounds "9"]
[EventCountry "BRA"]
[SourceTitle "CBM 210 Extra"]
[Source "ChessBase"]
[SourceDate "2022.11.30"]
[SourceVersion "1"]
[SourceVersionDate "2022.11.30"]
[SourceQuality "1"]

1. d4 Nf6 2. c4 d6 3. Nc3 g6 4. e4 Bg7 5. f4 0-0 6. Nf3 b6 7. Bd3 Bb7 8. 0-0 Nbd7 9. e5 dxe5 10. fxe5 Ng4 11. h3 Nh6 12. Bf4 e6 13. Qd2 Nf5 14. Be4 Bxe4 15. Nxe4 Qc8 16. Rae1 Rd8 17. Bg5 Rf8 18. g4 h6 19. Bf6 g5 20. gxf5 exf5 21. Bxg7 Kxg7 22. Ng3 f4 23. Nf5+ Kh7 24. Qd3 Kh8 25. Nxh6 Nc5 26. dxc5 Qxh3 27. Re2 g4 28. Rh2 Qg3+ 29. Rg2 Qh3 30. Nxg4 1-0

[Event "BRA-ch 87th"]
[Site "Cuiaba"]
[Date "2021.11.02"]
[Round "9"]
[White "Campos, Otavio Moraes"]
[Black "Baeta, Marcio Netto"]
[Result "0-1"]
[WhiteElo "1619"]
[BlackElo "1906"]
[PlyCount "76"]
[EventDate "2021.10.28"]
[EventType "swiss"]
[EventRounds "11"]
[EventCountry "BRA"]
[SourceTitle "CBM 205 Extra"]
[Source "ChessBase"]
[SourceDate "2022.01.31"]
[SourceVersion "1"]
[SourceVersionDate "2022.01.31"]
[SourceQuality "1"]

1. c4 Nf6 2. Nc3 b6 3. Nf3 Bb7 4. g3 g6 5. d4 Bg7 6. Bg2 0-0 7. 0-0 d5 8. cxd5 Nxd5 9. Nxd5 Bxd5 10. Bf4 Nd7 11. Qd2 c5 12. dxc5 Nxc5 13. Rfd1 e6 14. Be5 f6 15. Bf4 Ne4 16. Qb4 g5 17. Be3 a5 18. Qxb6 Qe7 19. Nd2 Rfb8 20. Qd4 f5 21. Qa4 Rb4 22. Qc2 Rxb2 23. Qc1 Nc3 24. Re1 Bxg2 25. Kxg2 Qb7+ 26. f3 Rc8 27. Bxg5 Nxa2 28. Qd1 Nc3 29. Qc1 Nxe2 30. Qxc8+ Qxc8 31. Rxe2 Qa6 32. Rae1 Kf7 33. g4 fxg4 34. fxg4 a4 35. Rxe6 Qxe6 36. Rxe6 Kxe6 37. Kg3 Rxd2 38. Bxd2 a3 0-1

[Event "Jatai Goiania-ch"]
[Site "Jatai"]
[Date "2021.06.05"]
[Round "3"]
[White "Giordani, Fernardo Alberto"]
[Black "Campos, Otavio Moraes"]
[Result "1/2-1/2"]
[WhiteElo "1750"]
[BlackElo "1662"]
[PlyCount "38"]
[EventDate "2021.06.04"]
[EventType "swiss"]
[EventRounds "6"]
[EventCountry "BRA"]
[SourceTitle "CBM 202 Extra"]
[Source "ChessBase"]
[SourceDate "2021.07.31"]
[SourceVersion "1"]
[SourceVersionDate "2021.07.31"]
[SourceQuality "1"]

1. c4 Nf6 2. Nc3 g6 3. e4 d6 4. Nf3 Bg7 5. d4 0-0 6. Be2 e5 7. d5 a5 8. a4 Nbd7 9. 0-0 Nc5 10. Bg5 c6 11. Ne1 Qb6 12. Bxf6 Bxf6 13. Qc2 Bg7 14. Nd3 Nb3 15. Rab1 Nd4 16. Qd1 f5 17. Bf3 fxe4 18. Nxe4 Nxf3+ 19. gxf3 c5 1/2-1/2

[Event "Goiania op"]
[Site "Goiania"]
[Date "2021.02.27"]
[Round "3"]
[White "Vilela, Humberto Franca"]
[Black "Campos, Otavio Moraes"]
[Result "1-0"]
[WhiteElo "1849"]
[BlackElo "1627"]
[PlyCount "97"]
[EventDate "2021.02.26"]
[EventType "swiss"]
[EventRounds "6"]
[EventCountry "BRA"]
[SourceTitle "EXT 2022"]
[Source "ChessBase"]
[SourceDate "2021.10.06"]
[SourceVersion "1"]
[SourceVersionDate "2021.10.06"]
[SourceQuality "1"]

1. d4 Nf6 2. c4 g6 3. Nc3 Bg7 4. e4 d6 5. f3 0-0 6. Be3 e5 7. d5 Nbd7 8. Nh3 a5 9. Qd2 b6 10. Be2 Nc5 11. Nf2 a4 12. Bg5 Qe8 13. Nb5 Qd7 14. g4 Ba6 15. h4 Bxb5 16. cxb5 Ne8 17. Rg1 f6 18. Be3 a3 19. b3 Kh8 20. h5 g5 21. Qb4 Ra7 22. Nh1 Qc8 23. Ng3 h6 24. Nf5 Rf7 25. Bc1 Qa8 26. Ne3 Kh7 27. Nc2 f5 28. gxf5 Nf6 29. Qc4 Nxh5 30. Ne3 Nf4 31. Ng4 Qe8 32. Rh1 Rf8 33. b4 Nd7 34. Bd2 h5 35. 0-0-0 h4 36. Rdg1 Qh5 37. Nf2 Nf6 38. Nh3 Bh6 39. Nxf4 exf4 40. Be1 Qf7 41. Kc2 Nh5 42. Bd3 Ng3 43. e5 dxe5 44. Bxg3 fxg3 45. f6+ Kg8 46. Qe4 Re8 47. Qf5 Rea8 48. Rxg3 hxg3 49. Rxh6 1-0

[Event "Jatai Goiana zt"]
[Site "Jatai"]
[Date "2020.11.22"]
[Round "5"]
[White "Campos, Otavio Moraes"]
[Black "Costa, Charles Vinicius"]
[Result "1/2-1/2"]
[WhiteElo "1630"]
[BlackElo "1734"]
[PlyCount "81"]
[EventDate "2020.11.20"]
[EventType "swiss"]
[EventRounds "5"]
[EventCountry "BRA"]
[SourceTitle "CBM 199 Extra"]
[Source "ChessBase"]
[SourceDate "2021.01.31"]
[SourceVersion "1"]
[SourceVersionDate "2021.01.31"]
[SourceQuality "1"]

1. c4 Nf6 2. Nc3 g6 3. g3 Bg7 4. Bg2 0-0 5. d4 d6 6. Nf3 c6 7. e4 Bg4 8. h3 Bxf3 9. Bxf3 Nbd7 10. 0-0 e5 11. d5 c5 12. Bg2 a6 13. Bd2 Rb8 14. a4 b6 15. Rb1 Ne8 16. Qe2 f5 17. exf5 Rxf5 18. Ne4 Rf8 19. b4 Ndf6 20. Ng5 Nc7 21. Rb3 h6 22. Ne6 Nxe6 23. dxe6 Qe7 24. Bd5 Kh7 25. Rfb1 Qc7 26. h4 b5 27. axb5 axb5 28. Qd3 e4 29. Bxe4 Nxe4 30. Qxe4 Bd4 31. Bf4 bxc4 32. Rf3 Qe7 33. h5 Rf6 34. hxg6+ Kg7 35. Re1 Re8 36. Qd5 Rxe6 37. Rxe6 Qxe6 38. Qxd6 Qxd6 39. Bxd6 cxb4 40. Bxb4 Kxg6 41. Kf1 1/2-1/2

[Event "Niteroi op 1st"]
[Site "Niteroi"]
[Date "2019.09.05"]
[Round "3"]
[White "Campos, Otavio Moraes"]
[Black "Guimaraes, Artemis Pamela"]
[Result "0-1"]
[WhiteElo "1672"]
[BlackElo "1958"]
[PlyCount "78"]
[EventDate "2019.09.04"]
[EventType "swiss"]
[EventRounds "7"]
[EventCountry "BRA"]
[SourceTitle "EXT 2020"]
[Source "ChessBase"]
[SourceDate "2019.10.17"]
[SourceVersion "1"]
[SourceVersionDate "2019.10.17"]
[SourceQuality "1"]

1. c4 e6 2. Nc3 d5 3. cxd5 exd5 4. d4 c6 5. Bf4 Nf6 6. a3 Bf5 7. e3 Be7 8. Bd3 Bxd3 9. Qxd3 0-0 10. h3 Nbd7 11. Nf3 a5 12. 0-0 Re8 13. Ne5 Nxe5 14. Bxe5 Nd7 15. Bh2 Nb6 16. b3 Bf6 17. Rac1 Qe7 18. a4 Rad8 19. Ne2 Na8 20. Rc5 Nc7 21. Rxa5 Na6 22. Qd2 Qa3 23. Nc1 Ra8 24. Qc3 Bd8 25. Nd3 Bxa5 26. Qxa5 Qxb3 27. Ne5 Qb4 28. Qxb4 Nxb4 29. Ra1 Red8 30. g4 Ra6 31. a5 b6 32. Rc1 bxa5 33. Nf3 a4 34. Bc7 Rd7 35. Be5 f6 36. Bg3 a3 37. Ra1 a2 38. Ne1 Rb7 39. Bd6 Nd3 0-1

[Event "Cuiaba Contaud op"]
[Site "Cuiaba"]
[Date "2019.06.02"]
[Round "5"]
[White "Almeida, Bianca Martins"]
[Black "Campos, Otavio Moraes"]
[Result "1/2-1/2"]
[WhiteElo "1692"]
[BlackElo "1675"]
[PlyCount "121"]
[EventDate "2019.05.31"]
[EventType "swiss"]
[EventRounds "6"]
[EventCountry "BRA"]
[SourceTitle "EXT 2020"]
[Source "ChessBase"]
[SourceDate "2019.10.17"]
[SourceVersion "1"]
[SourceVersionDate "2019.10.17"]
[SourceQuality "1"]

1. e4 c5 2. Nf3 d6 3. Bb5+ Bd7 4. Bxd7+ Qxd7 5. Nc3 Nf6 6. d3 g6 7. Bg5 Bg7 8. Bxf6 Bxf6 9. Rb1 a6 10. 0-0 e6 11. d4 cxd4 12. Nxd4 0-0 13. Re1 Rd8 14. Qd2 Nc6 15. Nxc6 Qxc6 16. Qe3 Rac8 17. g3 b5 18. Rec1 Bxc3 19. bxc3 Qxc3 20. Qxc3 Rxc3 21. Rb3 Rc4 22. f3 Rdc8 23. Ra3 R4c6 24. Rd3 Rxc2 25. Rxc2 Rxc2 26. a3 Ra2 27. f4 Kg7 28. g4 Kf6 29. g5+ Ke7 30. Rh3 Re2 31. f5 Rxe4 32. f6+ Kf8 33. Rxh7 Kg8 34. Rg7+ Kf8 35. Rh7 Ke8 36. Kf2 Ra4 37. Rh8+ Kd7 38. Rf8 Rxa3 39. Rxf7+ Ke8 40. Rg7 b4 41. Rxg6 b3 42. Rg7 b2 43. Rb7 Ra2 44. Kg3 Ra5 45. Rxb2 Rxg5+ 46. Kh4 Rf5 47. Rb6 Rxf6 48. Rxd6 a5 49. Ra6 Rf5 50. Rxe6+ Kd7 51. Re4 Kc6 52. Kg4 Rb5 53. Re6+ Kc5 54. h4 Rb4+ 55. Kg5 Kd5 56. Ra6 a4 57. h5 Kc4 58. h6 Rb3 59. h7 Rb8 60. Kg6 Kb3 61. Ra7 1/2-1/2

[Event "Goiania Goias Cup"]
[Site "Goiania"]
[Date "2018.10.20"]
[Round "3"]
[White "Valente, Fernando Cesar"]
[Black "Campos, Otavio Moraes"]
[Result "1-0"]
[WhiteElo "1516"]
[BlackElo "1669"]
[PlyCount "86"]
[EventDate "2018.10.19"]
[EventType "swiss"]
[EventRounds "6"]
[EventCountry "BRA"]
[SourceTitle "CBM 187 Extra"]
[Source "ChessBase"]
[SourceDate "2018.11.04"]
[SourceVersion "1"]
[SourceVersionDate "2018.11.04"]
[SourceQuality "1"]

1. e4 c5 2. Nf3 d6 3. Bb5+ Bd7 4. Bxd7+ Qxd7 5. c4 Nf6 6. Nc3 a6 7. d4 Qg4 8. 0-0 Nxe4 9. Nd5 Kd8 10. Qb3 b5 11. cxb5 axb5 12. Qxb5 Nd7 13. Ne3 Qg6 14. Nh4 Qf6 15. Qc6 Rc8 16. Qxe4 e6 17. Nf3 g5 18. Ng4 Qg7 19. Ne3 d5 20. Qd3 g4 21. Ne5 Nxe5 22. dxe5 Qxe5 23. Nxg4 Qg7 24. Qg3 Rg8 25. Nh6 Qxg3 26. fxg3 Bxh6 27. Bxh6 Ke7 28. Bf4 f6 29. Bd2 d4 30. Rac1 e5 31. b3 e4 32. Rf4 e3 33. Bxe3 dxe3 34. Re4+ Kd6 35. Rxe3 Ra8 36. Rc2 Kd5 37. Rf3 Ra6 38. Rcf2 Ke5 39. Rf5+ Kd4 40. Rxf6 Ra7 41. Rf7 Ra6 42. Rxh7 Re8 43. Rd7+ Kc3 1-0

[Event "Goiania Xeque Mate U2200 3rd"]
[Site "Goiania"]
[Date "2018.09.15"]
[Round "2.6"]
[White "De Souza Sa, Apolo"]
[Black "Campos, Otavio Moraes"]
[Result "1-0"]
[WhiteElo "1995"]
[BlackElo "1677"]
[PlyCount "73"]
[EventDate "2018.09.15"]
[EventType "swiss"]
[EventRounds "5"]
[EventCountry "BRA"]
[SourceTitle "EXT 2022"]
[Source "ChessBase"]
[SourceDate "2021.10.06"]
[SourceVersion "1"]
[SourceVersionDate "2021.10.06"]
[SourceQuality "1"]

1. d4 Nf6 2. c4 d6 3. Nc3 g6 4. e4 Bg7 5. Be2 0-0 6. Nf3 e5 7. 0-0 Nc6 8. d5 Ne7 9. b4 Ne8 10. c5 f5 11. Nd2 fxe4 12. Ndxe4 Nf6 13. cxd6 cxd6 14. Bg5 Bf5 15. Bf3 Nxe4 16. Nxe4 Qd7 17. Qb3 Rf7 18. Be3 a6 19. Ng5 Rf6 20. Rac1 Bh6 21. Rc3 Rc8 22. Rfc1 Rxc3 23. Qxc3 Rf8 24. Qb3 Rc8 25. Rc3 Rxc3 26. Qxc3 Bg7 27. Qc4 h6 28. Ne6 Bxe6 29. dxe6 Qd8 30. Bxb7 d5 31. Qxa6 d4 32. Bd2 g5 33. Qa8 Qxa8 34. Bxa8 Nc8 35. b5 Nb6 36. Bc6 Kf8 37. Bb4+ 1-0

[Event "Goiania STD op"]
[Site "Goiania"]
[Date "2018.03.10"]
[Round "4"]
[White "Labussiere, Yago"]
[Black "Campos, Otavio Moraes"]
[Result "1-0"]
[WhiteElo "1853"]
[BlackElo "1667"]
[PlyCount "71"]
[EventDate "2018.03.09"]
[EventType "swiss"]
[EventRounds "6"]
[EventCountry "BRA"]
[SourceTitle "CBM 183 Extra"]
[Source "ChessBase"]
[SourceDate "2018.04.19"]
[SourceVersion "1"]
[SourceVersionDate "2018.04.19"]
[SourceQuality "1"]

1. d4 Nf6 2. c4 d6 3. Nc3 g6 4. e4 Bg7 5. Nf3 0-0 6. Be2 e5 7. d5 a5 8. Bg5 h6 9. Bh4 Nbd7 10. Nd2 Nc5 11. 0-0 Qe8 12. Qc2 c6 13. f3 g5 14. Bf2 Ncd7 15. a3 Nh5 16. b4 Nf4 17. Rfb1 f6 18. Bf1 Qg6 19. g3 Nh5 20. Nd1 Nb8 21. Ne3 f5 22. Nxf5 Bxf5 23. exf5 Qf6 24. Ne4 Qe7 25. Qd1 Nf6 26. g4 cxd5 27. cxd5 Rc8 28. Qd2 Nxe4 29. fxe4 h5 30. h3 hxg4 31. hxg4 a4 32. Kg2 Bf6 33. Rc1 Nd7 34. Rxc8+ Rxc8 35. Rc1 Rd8 36. Rc7 1-0